Normal view
MARC view
- A TALE
Entry Topical Term
001 - CONTROL NUMBER
- control field: 65070
003 - CONTROL NUMBER IDENTIFIER
- control field: NUST
005 - DATE AND TIME OF LATEST TRANSACTION
- control field: 20210628203357.0
008 - FIXED-LENGTH DATA ELEMENTS
- fixed length control field: 210628|| aca||aabn | a|a d
040 ## - CATALOGING SOURCE
- Original cataloging agency: NUST
- Transcribing agency: NUST
150 ## - HEADING--TOPICAL TERM
- Topical term or geographic name entry element: A TALE
670 ## - SOURCE DATA FOUND
- Source citation: Work cat.: (NUST): Conrad, Joseph 12132, Lord jim, 1994
